Cameroon : Poverty Reduction Strategy Paper-Progress Report.

The growth rate of agriculture in Cameroon was estimated at 3.3 percent in 2006, compared with 2.7 percent in 2005. This is owing to increased activity in the food agriculture sector (4.3 percent) and in forestry and logging (4.0 percent). Livestock farming and fisheries, on the one hand, grew by 3...

Full description

Bibliographic Details
Corporate Author: International Monetary Fund
Format: Journal
Language:English
Published: Washington, D.C. : International Monetary Fund, 2008.
Series:IMF Staff Country Reports; Country Report ; No. 2008/001
Online Access:Full text available on IMF
LEADER 01563cas a2200241 a 4500
001 AALejournalIMF009748
008 230101c9999 xx r poo 0 0eng d
020 |c 5.00 USD 
020 |z 9781451808247 
022 |a 1934-7685 
040 |a BD-DhAAL  |c BD-DhAAL 
110 2 |a International Monetary Fund. 
245 1 0 |a Cameroon :   |b Poverty Reduction Strategy Paper-Progress Report. 
264 1 |a Washington, D.C. :  |b International Monetary Fund,  |c 2008. 
300 |a 1 online resource (119 pages) 
490 1 |a IMF Staff Country Reports 
500 |a <strong>Off-Campus Access:</strong> No User ID or Password Required 
500 |a <strong>On-Campus Access:</strong> No User ID or Password Required 
506 |a Electronic access restricted to authorized BRAC University faculty, staff and students 
520 3 |a The growth rate of agriculture in Cameroon was estimated at 3.3 percent in 2006, compared with 2.7 percent in 2005. This is owing to increased activity in the food agriculture sector (4.3 percent) and in forestry and logging (4.0 percent). Livestock farming and fisheries, on the one hand, grew by 3 percent and 2 percent, respectively. Industrial and commercial agriculture, on the other hand, experienced a slowdown, on the one hand, with a growth rate of -2.3 percent in 2006 compared with 1.7 percent in 2005. 
538 |a Mode of access: Internet 
830 0 |a IMF Staff Country Reports; Country Report ;  |v No. 2008/001 
856 4 0 |z Full text available on IMF  |u http://elibrary.imf.org/view/journals/002/2008/001/002.2008.issue-001-en.xml  |z IMF e-Library